Central Library OPAC University of Rajshahi

Folk tales of Kashmir / (Record no. 6261)

MARC details
000 -LEADER
fixed length control field 00839cam a2200289 4500
001 - CONTROL NUMBER
control field 6261
003 - CONTROL NUMBER IDENTIFIER
rucl marc code BD-RjUL
005 - DATE AND TIME OF LATEST TRANSACTION
control field 20211208234220.0
008 - FIXED-LENGTH DATA ELEMENTS--GENERAL INFORMATION
fixed length control field 140109s1969 ii a b 00000 eng
035 ## - SYSTEM CONTROL NUMBER
System control number (BD-RjUL)6301
040 ## - CATALOGING SOURCE
Original cataloging agency DLC
Transcribing agency DLC
Modifying agency BOS
-- BD-RjUL
Language of cataloging eng
041 ## - LANGUAGE CODE
Language code of text/sound track or separate title eng
082 04 - DEWEY DECIMAL CLASSIFICATION NUMBER
Classification number 398.209546
Author mark and year ROF 1969
090 ## - LOCALLY ASSIGNED LC-TYPE CALL NUMBER (OCLC); LOCAL CALL NUMBER (OCLC)
Classification number (OCLC) (R) ; Classification number, CALL (RLIN) (NR) GR305.5.K3
Local cutter number (OCLC) ; Book number/undivided call number, CALL (RLIN) F69
100 1# - MAIN ENTRY--PERSONAL NAME
Personal name Roy Choudhury, Bani.
9 (RLIN) 19690
245 10 - TITLE STATEMENT
Title Folk tales of Kashmir /
Statement of responsibility, etc. Bani Roy Choudhury.
260 ## - PUBLICATION, DISTRIBUTION, ETC. (IMPRINT)
Place of publication, distribution, etc. Delhi :
Name of publisher, distributor, etc. Sterling Publishers,
Date of publication, distribution, etc. c1969.
300 ## - PHYSICAL DESCRIPTION
Pagination 118, [1] p. :
Illustrations illus. ;
Size 22 cm.
350 ## - PRICE (NR) (BK AM CF MU VM SE) [OBSOLETE]
Price 10.00.
490 1# - SERIES STATEMENT
Series statement Folk tales of India series,
Volume/sequential designation 2.
504 ## - BIBLIOGRAPHY, ETC. NOTE
Bibliography, etc Bibliography: p. 119.
650 #0 - SUBJECT ADDED ENTRY--TOPICAL TERM
Topical term or geographic name as entry element Tales
Geographic subdivision India
-- Jammu and Kashmir.
9 (RLIN) 19691
830 #0 - SERIES ADDED ENTRY--UNIFORM TITLE
Volume number/sequential designation 2.
Uniform title Folk tales of India series,
942 ## - ADDED ENTRY ELEMENTS (KOHA)
Source of classification or shelving scheme Dewey Decimal Classification
Koha item type Books
Holdings
Lost status Source of classification or shelving scheme Damaged status Not for loan Collection code Permanent Location Current Location Shelving location Date acquired Source of acquisition Total Checkouts Full call number Date last seen Copy number Koha item type
  Dewey Decimal Classification   Not For Loan Non-fiction Central Library, University of Rajshahi Central Library, University of Rajshahi   22/06/1974 India Govt.   398.209546 ROF 1969 09/01/2014 C-1 Books